| 000 | 02016nam a22002777a 4500 | ||
|---|---|---|---|
| 003 | NALT | ||
| 005 | 20260123122231.0 | ||
| 008 | 251223b th ||||| |||| 00| 0 tha d | ||
| 020 | _a9789740219866 | ||
| 040 | _aNALT | ||
| 050 |
_aE 912 _bป329ท 2568 |
||
| 100 | 0 |
_aประพีร์ อภิชาติสกล. _967172 |
|
| 245 | 1 | 0 |
_aTRUMP 2.0 ระเบียบโลกใหม่ยุค America first / _cประพีร์ อภิชาติสกล. |
| 250 | _aพิมพ์ครั้งแรก. | ||
| 260 |
_aกรุงเทพฯ : _bมติชน, _c2568. |
||
| 300 |
_a191 หน้า : _bภาพประกอบ, ตาราง, แผนที่ ; _c21 ซม. |
||
| 505 | 2 | _aบทนำ -- 1 Look back to look forwad: America first ในนโยบายต่างประเทศของประธานาธิบดีโดนัลด์ ทรัมป์สมัยแรก -- 2 America first in action นโยบายต่างประเทศในทางปฏิบัติของประธานาธิบดีนัลด์ ทรัมป์ สมัยแรก -- 3 Fast and furious การกลับมาของ America first ในนโยบายต่างประเทศของประธานาธิบดีโดนัลด์ ทรัมป์ สมัยที่ 2 -- บทสรุปส่งท้าย. | |
| 600 | 1 | 4 |
_aทรัมป์, โดนัลด์ เจ. _dค.ศ. 1946- _912509 |
| 650 | 4 |
_aนโยบายต่างประเทศ _zสหรัฐอเมริกา _929679 |
|
| 651 | 4 |
_aสหรัฐอเมริกา _xความสัมพันธ์กับต่างประเทศ _932703 |
|
| 942 |
_cGB _2lcc |
||
| 996 |
_ajidapa.t _bACQSTF _c2025-12-23 |
||
| 996 |
_avaree.k _bLIBSTF _c2025-12-25 |
||
| 996 |
_asaiphon.d _bCATSTF _c2025-12-26 |
||
| 999 |
_c107605 _d107605 |
||
| 998 |
_j111 _k นางสาวพจพิณ พรมเอี่ยม |
||